header

Ion (Record no. 3016)

MARC details
000 -LEADER
fixed length control field 00966nam a2200265Ia 4500
100 0# - MAIN ENTRY--AUTHOR NAME
Personal name Plato.
245 10 - TITLE STATEMENT
Title Ion
260 ## - PUBLICATION, DISTRIBUTION, ETC. (IMPRINT)
Place of publication Blacksburg, VA :
Name of publisher Virginia Tech,
Year of publication 2001.
300 ## - PHYSICAL DESCRIPTION
Number of Pages 13 p.
650 #0 - SUBJECT ADDED ENTRY--TOPICAL TERM
Topical Term Poetics.
Topical Term Aesthetics.
700 1# - ADDED ENTRY--PERSONAL NAME
Personal name Jowett, Benjamin,
856 40 - ELECTRONIC LOCATION AND ACCESS
Uniform Resource Identifier http://site.ebrary.com/lib/rucke/Doc?id=5000858

No items available.

© 2026 Rongo University
Contact us: librarian | system librarian | Rongo university